00780nam a2200217 i 45000010005000000030009000050050017000140080041000310200018000720800014000901000043001042450105001472500012002522600034002643000022002984900030003208300038003508520037003889990015004259520122004406702ES-MaACL20250712062533.0900228s1974 sp ||||1| spa d a84-279-0635-8 a86-34"19"1 aCela, Camilo José,d1916-200293733613aEl tacatá oxidado : b: (florilegio de carpetovetonismos y otras lindezas) / cCamilo José Cela. a2ª ed. aBarcelona : bNoguer, c1974. a195 p. ; c23 cm.1 aNueva galería literaria1 aNueva galería literaria91776744 aES-MaACLjL-13892 z- Enc. cart. c6702d6702 00104070aATENEOMbATENEOMcDEPO2d2008-01-17eSCl0oL-13892p1006829r2023-02-23 00:00:00w2023-02-23yMONOGRAFIA